000 00694nam a2200289Ia 4500
005 20260324133244.0
008 008 260324s9999 xx 000 0 eng d
020 _a9780203427828
037 _aEBOOK
040 _aCRL
040 _beng
040 _cCRL
041 _2eng
041 _aeng
084 _qCRL
100 _aDavid Jones; Christine Orengo; Janet Thornton
_91192391
245 0 _aBioinformatics
245 0 _bGenes, Proteins and Computers
260 _bTaylor and Francis
260 _c2003
365 _a
365 _b415
856 _uhttp://www.taylorfrancis.com/books/9780203427828
942 _cEBOOK
999 _c1791273
_d1791273